[Event "Tata Steel 2020"]
[Site "Wijk aan Zee"]
[Date "13.01.2020"]
[Round "3"]
[White "Firouzja,Alireza"]
[Black "Artemiev,V"]
[Result "1-0"]
[WhiteElo "2723"]
[BlackElo "2731"]
[EventDate "2020.01.10"]

1. e4 c6 2. d4 d5 3. e5 Bf5 4. h4 h5 5. c4 e6 6. Nc3 Ne7 7. Nge2 Nd7 8. Ng3
Bg6 9. Bg5 Qb6 10. Rc1 dxc4 11. Bxc4 Nf5 12. O-O Be7 13. Nxf5 Bxf5 14. Bxe7
Kxe7 15. Qd2 Qd8 16. Nd1 Nb6 17. Ne3 Kf8 18. Nxf5 exf5 19. Bb3 Qxh4 20.
Rfe1 Rh6 21. e6 fxe6 22. Bxe6 Re8 23. Bxf5 Rxe1+ 24. Rxe1 Qd8 25. Qd3 Kf7
26. Qf3 Qf6 27. Qb3+ Kf8 28. Qa3+ Qd6 29. Qe3 Qd8 30. Qe4 Rf6 31. Bg6 Kg8
32. Qh4 Qd5 33. Re8+ Rf8 34. Qe7 Nd7 35. Bc2 Qxd4 36. Rxf8+ Nxf8 37. Bb3+
Kh7 38. Qxf8 Qxb2 39. Bg8+ Kh6 40. Qf4+ g5 41. Qd6+ Kg7 42. Bb3 Qa1+ 43.
Kh2 Qf6 44. Qxf6+ Kxf6 45. Kg3 b5 46. Bd1 h4+ 47. Kg4 c5 48. f4 gxf4 49.
Kxf4 Ke6 50. Kg4 a5 51. Kxh4 a4 52. g4 c4 53. g5 a3 54. Be2 Kf5 55. Kh5 Ke4
56. g6 c3 57. Bd1 Kd5 1-0

[Event "Tata Steel 2020"]
[Site "Wijk aan Zee"]
[Date "14.01.2020"]
[Round "4"]
[White "Artemiev, Vladislav"]
[Black "Kovalev, Vladislav"]
[Result "1-0"]
[WhiteTitle "GM"]
[BlackTitle "GM"]
[WhiteElo "2731"]
[BlackElo "2660"]
[WhiteFideId "24101605"]
[BlackFideId "13504398"]
[EventDate "2020.01.11"]

1. d4 Nf6 2. c4 e6 3. Nc3 Bb4 4. Bd2 O-O 5. Nf3 b6 6. e3 d5 7. Rc1 Ba6 8. Qa4 c5
9. cxd5 Bxf1 10. Rxf1 exd5 11. Ke2 Nbd7 12. Rfd1 Qe7 13. Kf1 Rfc8 14. Qa6 Qe6
15. Ne2 Bxd2 16. Nxd2 Qf5 17. h3 Nf8 18. Nf3 Qd7 19. Ne5 Qc7 20. Kg1 Ne6 21. Rc2
Rab8 22. Qb5 a6 23. Qxa6 Ra8 24. Qd3 Rxa2 25. Qf5 Rca8 26. Nc3 Ra1 27. Rd2 cxd4
28. exd4 Rxd1+ 29. Rxd1 Re8 30. Nf3 Qc4 31. g4 h6 32. h4 Qb3 33. Rd2 b5 34. g5
hxg5 35. hxg5 Nh7 36. Nxd5 g6 37. Nf6+ Nxf6 38. Qxf6 Qd5 39. Re2 Rd8 40. Rxe6
fxe6 41. Ne5 Rf8 42. Qxg6+ Kh8 43. Qh6+ Kg8 44. Ng6 1-0

[Event "Tata Steel 2020"]
[Site "Wijk aan Zee"]
[Date "21.01.2020"]
[Round "9"]
[White "Duda,J"]
[Black "Xiong,Jeffery"]
[Result "1/2-1/2"]
[WhiteElo "2758"]
[BlackElo "2712"]
[EventDate "2020.01.10"]

1. e4 e5 2. Nf3 Nc6 3. Bc4 Bc5 4. d3 Nf6 5. O-O d6 6. c3 a6 7. a4 Ba7 8.
Na3 Ne7 9. Nc2 Ng6 10. Be3 Bxe3 11. Nxe3 O-O 12. a5 b5 13. axb6 cxb6 14.
Re1 Bb7 15. h3 b5 16. Ba2 Qd7 17. Nh2 d5 18. Nhg4 Nxg4 19. hxg4 d4 20. Nd5
Qd6 21. cxd4 exd4 22. g3 a5 23. Kg2 Ne7 24. Nxe7+ Qxe7 25. Rh1 a4 26. Qf3
h6 27. Qf5 Bc8 28. Qxb5 Ba6 29. Qf5 Bxd3 30. Bd5 Ra6 31. g5 Qxg5 32. Qxg5
hxg5 33. Rhd1 Be2 34. Rxd4 g4 35. Rdxa4 Rh6 36. e5 Rh5 37. Rf4 Rxe5 38.
Bxf7+ Rxf7 39. Ra8+ Kh7 40. Rxf7 Bc4 41. Rd7 Bd5+ 42. Rxd5 Rxd5 43. Ra4 Rd2
44. Rb4 Kh6 45. Kf1 Kg5 46. Rb5+ Kf6 47. Rb7 Rc2 48. Ke1 Kg6 49. Rb8 Kg5
50. Rb4 Kh5 51. Rb5+ Kg6 52. Rb7 Kf6 53. Rb8 Kg5 54. b4 Rb2 55. b5 Kg6 56.
b6 Kg5 57. Rb7 Kf6 58. Kd1 Rxf2 59. Rc7 Rb2 60. b7 g6 61. Kc1 Rb6 62. Kd2
Ke5 63. Kc3 Kd5 64. Rg7 Rb1 65. Kc2 Rb6 66. Kd3 Rb3+ 67. Kd2 Rb6 68. Ke3
Ke5 69. Re7+ Kf6 70. Rc7 Ke5 71. Kd3 Kd5 72. Rd7+ Ke6 73. Rh7 Kd5 74. Rg7
Rb3+ 75. Ke2 Ke5 76. Kd2 Kd5 77. Kc2 Rb6 78. Kc3 Rb1 79. Rxg6 Ke5 1/2-1/2

[Event "Tata Steel 2020 - Torneo B"]
[Site "Wijk aan Zee"]
[Date "12.01.2020"]
[Round "2B"]
[White "Smirnov, Anton"]
[Black "Keymer, Vincent"]
[Result "1/2-1/2"]
[WhiteTitle "GM"]
[BlackTitle "IM"]
[WhiteElo "2604"]
[BlackElo "2527"]
[WhiteFideId "3208923"]
[BlackFideId "12940690"]
[EventDate "2020.01.11"]

1. e4 c5 2. Nf3 d6 3. d4 cxd4 4. Nxd4 Nf6 5. Nc3 a6 6. Be3 e5 7. Nf3 Be7 8. Nd2
b5 9. a4 b4 10. Nd5 Nxd5 11. exd5 O-O 12. Nc4 Nd7 13. a5 f5 14. f3 Nf6 15. Be2
Qe8 16. f4 Bb7 17. Nb6 Rd8 18. O-O Ne4 19. Ra4 exf4 20. Bxf4 b3 21. cxb3 Bf6 22.
Bf3 Nc5 23. Rc4 Rf7 24. b4 Nd7 25. Nxd7 Rdxd7 26. Rc6 g5 27. Bg3 g4 28. Be2 Be5
29. Bxe5 Qxe5 30. Bxa6 Bxa6 31. Rxa6 Qxb2 32. Rxf5 Rxf5 33. Qxg4+ Rg7 34. Ra8+
Rf8 35. Qe6+ Rf7 36. Rxf8+ Kxf8 37. Qc8+ Kg7 38. Qg4+ Kf8 1/2-1/2

[Event "Tata Steel 2020 - Torneo B"]
[Site "Wijk aan Zee"]
[Date "12.01.2020"]
[Round "2B"]
[White "Saduakassova, Dinara"]
[Black "Anton Guijarro, David"]
[Result "1/2-1/2"]
[WhiteTitle "IM"]
[BlackTitle "GM"]
[WhiteElo "2519"]
[BlackElo "2694"]
[WhiteFideId "13700090"]
[BlackFideId "2285525"]
[EventDate "2020.01.11"]

1. d4 f5 2. c4 Nf6 3. Nc3 e6 4. Qc2 Bb4 5. e3 b6 6. Bd3 Bb7 7. f3 O-O 8. Ne2 Bd6
9. Bd2 Na6 10. a3 c5 11. O-O-O cxd4 12. exd4 Rc8 13. Kb1 Nc7 14. Rhe1 Kh8 15.
Bf4 Bxf4 16. Nxf4 b5 17. cxb5 Ncd5 18. Nfxd5 Nxd5 19. Qb3 Qh4 20. Na4 Qxd4 21.
Bxf5 Qf2 22. Be4 Qxg2 23. Ka1 Qf2 24. Rf1 Qe2 25. Rfe1 Qf2 26. Rf1 Qe2 27. Rfe1
Qf2 28. Rf1 1/2-1/2

[Event "Tata Steel 2020 - Torneo B"]
[Site "Wijk aan Zee"]
[Date "21.01.2020"]
[Round "9B"]
[White "Smirnov, Anton"]
[Black "Abdusattorov, Nodirbek"]
[Result "0-1"]
[WhiteTitle "GM"]
[BlackTitle "GM"]
[WhiteElo "2604"]
[BlackElo "2635"]
[WhiteFideId "3208923"]
[BlackFideId "14204118"]
[EventDate "2020.01.11"]

1. d4 Nf6 2. c4 e6 3. Nc3 Bb4 4. f3 d5 5. a3 Bxc3+ 6. bxc3 c5 7. cxd5 Nxd5 8.
dxc5 Qa5 9. e4 Ne7 10. Be3 O-O 11. Qb3 Qc7 12. Bb5 Nec6 13. Ne2 Na5 14. Qb4 e5
15. Nd4 Nbc6 16. Qb2 Rb8 17. Nf5 Be6 18. O-O a6 19. Ba4 Nc4 20. Qf2 Ne7 21. Nd6
Nxe3 22. Qxe3 b6 23. Rfd1 bxc5 24. Rd2 Nc8 25. Nxc8 Rbxc8 26. Rad1 Rb8 27. h4
Qa5 28. Bc6 Bb3 29. Ra1 c4 30. Bd5 Kh8 31. Kh2 Rbd8 32. g4 Rd6 33. h5 Rf6 34.
Kg3 h6 35. Rg2 Rd8 36. Kf2 Rxd5 37. exd5 Qxd5 38. g5 hxg5 39. Qxg5 Rxf3+ 40. Kg1
Qc5+ 41. Kh2 Qf8 42. Rag1 Ba4 43. Rd2 f6 44. Qg6 Rd3 45. Rxd3 cxd3 46. h6 gxh6
47. Qxd3 h5 48. c4 e4 49. Qxe4 Bd7 50. Qh4 Qf7 51. c5 Bc6 52. Qf4 Kh7 53. Kh3
Qe6+ 54. Kh4 Bd7 55. Rh1 Kg6 56. Qd4 Kf7 57. Qf4 Qd5 58. Rf1 Qe6 59. Rf3 Qe1+
60. Rf2 Qc3 61. Qf3 Qd4+ 62. Qf4 Qc3 63. Qf3 Qd4+ 64. Kg3 h4+ 65. Kh2 Bc6 66.
Qb3+ Kg7 67. Qb2 Qd8 68. Qd2 Qe8 69. Qf4 Qg6 70. Qxh4 Kf7 71. Qc4+ Ke7 72. Re2+
Kf8 73. Qh4 Kf7 74. Rf2 Ke7 75. Re2+ Kf7 76. Qh3 Kf8 77. Qc8+ Be8 78. Qh3 Bc6
79. Rd2 Qe4 80. Qc8+ Kf7 81. Qc7+ Kg6 82. Qg3+ Kf7 83. Kg1 Qb1+ 84. Kf2 Qf5+ 85.
Ke1 Qe4+ 86. Kf2 Qf5+ 87. Ke2 Bb5+ 88. Rd3 Qxd3+ 89. Qxd3 Ke6 90. c6 Bxd3+ 91.
Kxd3 Kd6 92. Ke4 Kxc6 93. Kf5 Kb5 94. Kxf6 Ka4 95. Ke5 Kxa3 96. Kd4 Kb3 0-1

[Event "Tata Steel 2020 - Torneo B"]
[Site "Wijk aan Zee"]
[Date "22.01.2020"]
[Round "10B"]
[White "Abdusattorov, Nodirbek"]
[Black "Warmerdam, Max"]
[Result "1-0"]
[WhiteTitle "GM"]
[BlackTitle "IM"]
[WhiteElo "2635"]
[BlackElo "2498"]
[WhiteFideId "14204118"]
[BlackFideId "1048104"]
[EventDate "2020.01.11"]

1. e4 c5 2. Nf3 d6 3. d4 cxd4 4. Nxd4 Nf6 5. Nc3 Nc6 6. Bg5 e6 7. Qd2 a6 8.
O-O-O Bd7 9. f3 Nxd4 10. Qxd4 Be7 11. h4 Qc7 12. g4 h5 13. gxh5 Nxh5 14. Bg2 Rc8
15. Qd2 b5 16. Ne2 b4 17. Kb1 a5 18. Rhe1 e5 19. Rh1 Bb5 20. Bh3 Bxg5 21. hxg5
Bxe2 22. Qxe2 Ng3 23. Qd2 Nxh1 24. Bxc8 Ke7 25. Ba6 Ng3 26. g6 Nh5 27. gxf7 Nf4
28. Bc4 Qxc4 29. Qxd6+ Kxf7 30. Qd7+ Kf6 31. b3 Qe6 32. Rd6 Ra8 33. a3 Rb8 34.
Qc7 Rh8 35. Rxe6+ Nxe6 36. Qxa5 bxa3 37. Qxa3 Rh3 38. b4 Nd4 39. b5 1-0

[Event "Tata Steel 2020 - Torneo B"]
[Site "Wijk aan Zee"]
[Date "24.01.2020"]
[Round "11B"]
[White "Smirnov, Anton"]
[Black "Anton Guijarro, David"]
[Result "0-1"]
[WhiteTitle "GM"]
[BlackTitle "GM"]
[WhiteElo "2604"]
[BlackElo "2694"]
[WhiteFideId "3208923"]
[BlackFideId "2285525"]
[EventDate "2020.01.11"]

1. d4 Nf6 2. c4 e6 3. Nf3 d5 4. Nc3 dxc4 5. e4 Bb4 6. Bxc4 Nxe4 7. O-O Nxc3 8.
bxc3 Bd6 9. Qe2 Nd7 10. Re1 O-O 11. Bd3 Re8 12. Bg5 Be7 13. h4 Nf8 14. Bxe7 Qxe7
15. Rab1 Rb8 16. Be4 c5 17. Ne5 Nd7 18. h5 cxd4 19. cxd4 Nxe5 20. dxe5 b6 21. h6
g6 22. Qd2 Rd8 23. Qf4 Bb7 24. Rbc1 Rd4 25. f3 Bxe4 26. fxe4 Rbd8 27. Rf1 Kf8
28. Kh2 Ke8 29. Rc6 Rd2 30. Rfc1 R2d7 31. R1c2 Rd4 32. Rf2 R4d7 33. Kh3 Rd3+ 34.
g3 R3d7 35. Rfc2 Rd1 36. Kg4 R1d4 37. Kh3 Rd3 38. Kg4 R3d4 39. Kh3 Rd3 40. Rc7
R3d7 41. Qc1 Kf8 42. Rc8 Rxc8 43. Rxc8+ Rd8 44. Rc7 Rd7 45. Rc8+ Rd8 46. Rc7 Rd7
47. Rb7 Qd8 48. Qa3+ Kg8 49. Qxa7 Rxb7 50. Qxb7 Qf8 51. Kg2 Qxh6 52. Qb8+ Kg7
53. Qxb6 Qd2+ 54. Qf2 Qxf2+ 55. Kxf2 Kf8 56. g4 h6 57. Ke3 Ke7 58. Kd4 Kd7 59.
Kc5 Kc7 60. a3 Kb7 61. a4 Ka6 0-1